"16+1 együttműködés" gazdasági és politikai elemzése

Bibliographic Details
Main Author: Szanyi Róbert
Other Authors: Moldicz Dr. Csaba
Format: Thesis
Kulcsszavak:Kína
Európa
Kelet-Közép-Európa,
Gazdasági kapcsolatok
Politikai kapcsolatok
Online Access:http://dolgozattar.uni-bge.hu/22483

MARC

LEADER 00000nta a2200000 i 4500
001 dolg22483
005 20200529131117.0
008 190516suuuu hu om 000 hun d
040 |a BGE Dolgozattár Repozitórium  |b hun 
041 |a hu 
100 1 |a Szanyi Róbert 
245 1 0 |a "16+1 együttműködés" gazdasági és politikai elemzése  |c Szanyi Róbert  |h [elektronikus dokumentum] 
246 1 1 |a "16+1 együttműködés" gazdasági és politikai elemzése 
695 |a Kína 
695 |a Európa 
695 |a Kelet-Közép-Európa, 
695 |a Gazdasági kapcsolatok 
695 |a Politikai kapcsolatok 
700 1 |a Moldicz Dr. Csaba  |e ths 
856 4 0 |u http://dolgozattar.uni-bge.hu/22483/1/16%2B1%20egy%C3%BCttm%C5%B1k%C3%B6d%C3%A9s%20gazdas%C3%A1gi%20%C3%A9s%20politikai%20elemz%C3%A9se.pdf  |z Dokumentum-elérés